000 00352nam a22001577a 4500
003 OSt
008 250425b |||||||| |||| 00| 0 eng d
020 _a9780099448822
100 _aMURAKAMI,Haruki
245 _aNorwegian Wood
250 _a12th
260 _aUnited Kingdom
_bVintage
_c2012
300 _a389
650 _aGeneral
942 _2ddc
_cBK
999 _c13448
_d13448